Project management: managing the risk (Record no. 67283)

MARC details
000 -LEADER
fixed length control field 00959cam a2200205 4500
001 - CONTROL NUMBER
control field X113037
008 - FIXED-LENGTH DATA ELEMENTS--GENERAL INFORMATION
fixed length control field 000000n2001 000 0 eng u
035 ## - SYSTEM CONTROL NUMBER
System control number (Sirsi) u113037
100 ## - MAIN ENTRY--PERSONAL NAME
Personal name Button, R.
245 ## - TITLE STATEMENT
Title Project management: managing the risk
260 ## - PUBLICATION, DISTRIBUTION, ETC.
Date of publication, distribution, etc. 2001
490 ## - SERIES STATEMENT
Series statement CSM
-- Chartered Surveyor Monthly
Volume/sequential designation May 2001, 36(1)
520 ## - SUMMARY, ETC.
Summary, etc. Looks at the ways that the risks involved in undertaking project management can be contained within commercially acceptable boundaries. Argues that project managers should carefully consider the duties they undertake and clearly define what they will and will not be responsible for. Discusses how the risks associated with one-stop-shop arrangements can be mitigated but observes that this can lead to the administrative burden on the project manager.
650 ## - SUBJECT ADDED ENTRY--TOPICAL TERM
Topical term or geographic name entry element PROJECTS
650 ## - SUBJECT ADDED ENTRY--TOPICAL TERM
Topical term or geographic name entry element RISK
650 ## - SUBJECT ADDED ENTRY--TOPICAL TERM
Topical term or geographic name entry element RISK MANAGEMENT
690 ## - LOCAL SUBJECT ADDED ENTRY--TOPICAL TERM (OCLC, RLIN)
Topical term or geographic name as entry element Project management
9 (RLIN) 6261
700 ## - ADDED ENTRY--PERSONAL NAME
Personal name Mills, R.
942 ## - ADDED ENTRY ELEMENTS (KOHA)
Suppress in OPAC 0
Holdings
Withdrawn status Lost status Source of classification or shelving scheme Damaged status Not for loan Home library Current library Shelving location Date acquired Total Checkouts Full call number Barcode Date last seen Copy number Price effective from Koha item type
    Dewey Decimal Classification     London London Journal article 12/06/2001   X113037 113037-1001 06/08/2019 1 06/08/2019 Journal article